[Event "Malmo op"]
[Site "Malmo"]
[Date "2019.12.14"]
[Round "3"]
[White "Ivarsson, Torbjorn"]
[Black "Brynell, Stellan"]
[Result "1/2-1/2"]
[WhiteElo "2075"]
[BlackElo "2415"]
[PlyCount "118"]
[EventDate "2019.12.13"]
[EventType "swiss"]
[EventRounds "8"]
[EventCountry "SWE"]
[SourceTitle "CBM 193 Extra"]
[Source "ChessBase"]
[SourceDate "2020.01.31"]
[SourceVersion "1"]
[SourceVersionDate "2020.01.31"]
[SourceQuality "1"]

1. d4 e6 2. Nc3 d5 3. Bf4 c5 4. e3 a6 5. Nf3 Nf6 6. Ne5 Nbd7 7. Be2 Nxe5 8. Bxe5 Be7 9. 0-0 0-0 10. Bf3 cxd4 11. Qxd4 Bd7 12. e4 dxe4 13. Nxe4 Bc6 14. Nxf6+ Bxf6 15. Bxf6 Qxf6 16. Qxf6 gxf6 17. Bxc6 bxc6 18. Rfd1 Rfd8 19. Kf1 Kf8 20. Ke2 Rd5 21. Rxd5 cxd5 22. Kd3 Rb8 23. b3 Ke7 24. c4 dxc4+ 25. Kxc4 Rc8+ 26. Kd3 f5 27. Re1 Kd6 28. f4 Rg8 29. Re2 f6 30. Rd2 e5 31. Ke3+ Ke6 32. fxe5 fxe5 33. Rc2 a5 34. g3 h5 35. Rc5 h4 36. Kf3 hxg3 37. hxg3 Ra8 38. Rc6+ Kd5 39. Rf6 a4 40. Rxf5 axb3 41. axb3 Rb8 42. Kg4 Ke4 43. Rf7 Rxb3 44. Kh4 Rb1 45. g4 Rh1+ 46. Kg5 Kd3 47. Kg6 e4 48. Rd7+ Ke2 49. g5 e3 50. Re7 Rh4 51. Kg7 Kf3 52. Rxe3+ Kxe3 53. g6 Ke4 54. Kf6 Rh6 55. Kg5 Rh1 56. Kf6 Rf1+ 57. Ke6 Rg1 58. Kf7 Rf1+ 59. Ke6 Rg1 1/2-1/2

[Event "Hasselbacken op"]
[Site "Stockholm"]
[Date "2018.11.02"]
[Round "3"]
[White "Ivarsson, Torbjorn"]
[Black "Seo, Jung Min"]
[Result "1-0"]
[WhiteElo "2148"]
[BlackElo "2369"]
[PlyCount "83"]
[EventDate "2018.11.02"]
[EventType "swiss"]
[EventRounds "8"]
[EventCountry "SWE"]
[SourceTitle "CBM 187 Extra"]
[Source "ChessBase"]
[SourceDate "2018.11.04"]
[SourceVersion "1"]
[SourceVersionDate "2018.11.04"]
[SourceQuality "1"]

1. d4 Nf6 2. Bf4 g6 3. Nc3 Bg7 4. e4 d6 5. Qd2 a6 6. a4 Nc6 7. Nf3 Bg4 8. Be2 Bxf3 9. Bxf3 Nd7 10. Be3 e5 11. Ne2 exd4 12. Nxd4 Bxd4 13. Bxd4 Nxd4 14. Qxd4 0-0 15. 0-0 Ne5 16. Be2 Nc6 17. Qc3 Qe7 18. Bd3 Qe5 19. Qxe5 dxe5 20. Rfd1 a5 21. c3 Rad8 22. Kf1 Rd6 23. Bb5 Rfd8 24. Rxd6 Rxd6 25. Bxc6 Rxc6 26. Rd1 Rb6 27. Rd2 Kf8 28. Ke2 Ke7 29. Ke3 f6 30. Ke2 Rc6 31. Kd3 Rd6+ 32. Ke3 Rxd2 33. Kxd2 Kd6 34. b4 axb4 35. cxb4 c5 36. Kc3 cxb4+ 37. Kxb4 Kc6 38. a5 h5 39. f3 f5 40. h4 b6 41. a6 f4 42. Ka4 1-0

[Event "Lund CellaVision Cup"]
[Site "Lund"]
[Date "2018.08.04"]
[Round "5"]
[White "Ahlander, Bjorn"]
[Black "Ivarsson, Torbjorn"]
[Result "1/2-1/2"]
[WhiteElo "2433"]
[BlackElo "2156"]
[PlyCount "136"]
[EventDate "2018.08.03"]
[EventType "swiss"]
[EventRounds "8"]
[EventCountry "SWE"]
[SourceTitle "CBM 186 Extra"]
[Source "ChessBase"]
[SourceDate "2018.08.24"]
[SourceVersion "1"]
[SourceVersionDate "2018.08.24"]
[SourceQuality "1"]

1. d4 e6 2. Nf3 f5 3. g3 Nf6 4. Bg2 Be7 5. b3 0-0 6. Bb2 d6 7. Nbd2 Qe8 8. e3 a5 9. a3 Qh5 10. Qe2 Ne4 11. h3 Nxd2 12. Nxd2 Qxe2+ 13. Kxe2 Nd7 14. g4 f4 15. exf4 Rxf4 16. Rae1 Nb6 17. Ne4 a4 18. Bc1 Rf7 19. b4 Bd7 20. Nc3 d5 21. Rhf1 Raf8 22. Rd1 Bd6 23. Rd3 c6 24. Rf3 Rxf3 25. Bxf3 Be8 26. Bg2 Bg6 27. Kd1 e5 28. dxe5 Bxe5 29. Ne2 h6 30. f4 Bf6 31. f5 Bf7 32. Nf4 Re8 33. Rf3 Nc4 34. Bf1 Ne5 35. Re3 Bg5 36. Re1 Kf8 37. Be3 d4 38. Bc1 Nc4 39. Ng6+ Bxg6 40. Rxe8+ Bxe8 41. Bxc4 Bxc1 42. Kxc1 Ke7 43. Kd2 Kd6 44. Be6 b6 45. h4 c5 46. c3 Ke5 47. bxc5 bxc5 48. cxd4+ cxd4 49. g5 hxg5 50. hxg5 g6 51. Bc4 gxf5 52. Kd3 f4 53. Ke2 Bh5+ 54. Kd2 Be8 55. Ke2 Bg6 56. Kd2 f3 57. Bb5 Kf4 58. Bxa4 d3 59. Bc6 f2 60. Bg2 Kxg5 61. Ke3 Kf6 62. Kxf2 Ke5 63. Ke3 Kd6 64. Bf1 Kc5 65. Bxd3 Bxd3 66. Kxd3 Kb5 67. Kc3 Ka4 68. Kc4 Kxa3 1/2-1/2

[Event "Helsingor Xtracon op"]
[Site "Helsingor"]
[Date "2018.07.24"]
[Round "5"]
[White "Gula, Julian"]
[Black "Ivarsson, Torbjorn"]
[Result "1/2-1/2"]
[WhiteElo "1909"]
[BlackElo "2161"]
[PlyCount "145"]
[EventDate "2018.07.21"]
[EventType "swiss"]
[EventRounds "10"]
[EventCountry "DEN"]
[SourceTitle "CBM 185 Extra"]
[Source "ChessBase"]
[SourceDate "2018.07.29"]
[SourceVersion "1"]
[SourceVersionDate "2018.07.29"]
[SourceQuality "1"]

1. Nf3 e6 2. b3 Nf6 3. Bb2 c5 4. e3 Nc6 5. Be2 Be7 6. c4 0-0 7. 0-0 b6 8. d4 cxd4 9. Nxd4 Nxd4 10. Qxd4 Bb7 11. Rd1 Qc8 12. Nc3 Rd8 13. Rac1 Qc5 14. Qf4 h6 15. h4 Qc6 16. Bf3 Qc8 17. e4 d6 18. Nb5 e5 19. Qe3 Qc6 20. Nc3 Rac8 21. Ba3 a6 22. Qe2 Qc7 23. g3 Bc6 24. Rc2 b5 25. Nd5 Bxd5 26. exd5 Qa5 27. Bc1 bxc4 28. Rxc4 Rxc4 29. Qxc4 Qxa2 30. Be3 Qa5 31. b4 Qb5 32. Qc7 Rd7 33. Qc8+ Kh7 34. g4 e4 35. Bxe4+ Nxe4 36. Qc2 g6 37. Qxe4 Qe2 38. Rc1 Bxh4 39. Qc4 Qf3 40. Rc3 Re7 41. Qf4 Bxf2+ 42. Kf1 Qxf4 43. Bxf4 Bd4 44. Bxd6 Bxc3 45. Bxe7 Kg7 46. Ke2 f6 47. Kd3 Kf7 48. Bc5 Be5 49. Ke4 Bg3 50. Kf3 Be1 51. Ke2 Bg3 52. Kf3 Bh2 53. Kg2 Be5 54. Kf3 Ke8 55. Be3 Bd6 56. Bd2 Kd7 57. Ke4 Ke7 58. Kd4 h5 59. gxh5 gxh5 60. Be1 Kf7 61. Kc4 Ke7 62. Bh4 Kf7 63. b5 a5 64. b6 a4 65. b7 a3 66. Kb3 Ke8 67. Bxf6 Kd7 68. b8Q Bxb8 69. Kxa3 Kd6 70. Kb3 Kxd5 71. Kc2 Ke4 72. Kd2 Kf3 73. Ke1 1/2-1/2

[Event "Malmo op"]
[Site "Malmo"]
[Date "2017.12.16"]
[Round "3"]
[White "Hillarp Persson, Tiger"]
[Black "Ivarsson, Torbjorn"]
[Result "1-0"]
[WhiteElo "2537"]
[BlackElo "2149"]
[PlyCount "52"]
[EventDate "2017.12.15"]
[EventType "swiss"]
[EventRounds "8"]
[EventCountry "SWE"]
[SourceTitle "CBM 182 Extra"]
[Source "ChessBase"]
[SourceDate "2018.02.23"]
[SourceVersion "1"]
[SourceVersionDate "2018.02.23"]
[SourceQuality "1"]

1. d4 e6 2. Bf4 Be7 3. e4 Nf6 4. Nd2 d5 5. e5 Nfd7 6. Qg4 Kf8 7. h4 f5 8. exf6 Nxf6 9. Qe2 c5 10. dxc5 Bxc5 11. Ngf3 Nc6 12. Nb3 Bd6 13. Bxd6+ Qxd6 14. 0-0-0 Bd7 15. Qe3 Rc8 16. Kb1 Ng4 17. Qd2 Nge5 18. h5 Nxf3 19. gxf3 Qe5 20. f4 Qf6 21. Nc5 Rc7 22. f5 Qxf5 23. Bh3 Qf6 24. Rhe1 Nd8 25. Qb4 Qe7 26. Qf4+ Kg8 1-0

[Event "Helsingor Xtracon op"]
[Site "Helsingor"]
[Date "2017.07.28"]
[Round "8"]
[White "Ivarsson, Torbjorn"]
[Black "Kaasen, Tor Fredrik"]
[Result "0-1"]
[WhiteElo "2145"]
[BlackElo "2409"]
[PlyCount "70"]
[EventDate "2017.07.22"]
[EventType "swiss"]
[EventRounds "10"]
[EventCountry "DEN"]
[SourceTitle "CBM 179 Extra"]
[Source "ChessBase"]
[SourceDate "2017.08.23"]
[SourceVersion "1"]
[SourceVersionDate "2017.08.23"]
[SourceQuality "1"]

1. e4 e5 2. Nf3 Nc6 3. Nc3 Nf6 4. d4 exd4 5. Nxd4 Bb4 6. Nxc6 bxc6 7. Bd3 d5 8. exd5 cxd5 9. 0-0 0-0 10. Bg5 c6 11. Qf3 Be7 12. Rae1 Re8 13. h3 Be6 14. Re2 Qd7 15. Rfe1 h6 16. Bf4 a6 17. Be5 Qb7 18. a3 Nd7 19. Bxg7 Kxg7 20. Qg3+ Kf8 21. Qf4 Bg5 22. Qd6+ Kg7 23. h4 Bxh4 24. Qh2 Bg5 25. f4 Qb6+ 26. Kf1 Qb8 27. g3 Nf6 28. Qg2 Qxb2 29. Nd1 Qxa3 30. fxg5 hxg5 31. Re5 Bg4 32. Rxg5+ Kf8 33. Ne3 Rxe3 34. Rxe3 Qc1+ 35. Kf2 Qd2+ 0-1

[Event "Lund op"]
[Site "Lund"]
[Date "2017.03.07"]
[Round "4"]
[White "Quinn, David"]
[Black "Ivarsson, Torbjorn"]
[Result "0-1"]
[WhiteElo "1989"]
[BlackElo "2137"]
[PlyCount "94"]
[EventDate "2017.02.07"]
[EventType "swiss"]
[EventRounds "7"]
[EventCountry "SWE"]
[SourceTitle "EXT 2019"]
[Source "ChessBase"]
[SourceDate "2018.10.10"]
[SourceVersion "1"]
[SourceVersionDate "2018.10.10"]
[SourceQuality "1"]

1. d4 e6 2. c4 b6 3. Bf4 Bb7 4. e3 Nf6 5. Nf3 Be7 6. Nc3 Ne4 7. Nxe4 Bxe4 8. Nd2 Bb7 9. Bd3 0-0 10. 0-0 f5 11. Bg3 Bf6 12. Rc1 d6 13. Qc2 Nd7 14. b4 g6 15. c5 dxc5 16. bxc5 bxc5 17. Nb3 cxd4 18. Qxc7 Bd5 19. Bd6 Rf7 20. Ba6 dxe3 21. fxe3 Ne5 22. Qc5 Qb6 23. Be2 Rd7 24. Bc7 Qxc5 25. Rxc5 Nf7 26. Bb5 Re7 27. Ba6 Be5 28. Ba5 Bd6 29. Rc3 Ne5 30. Rfc1 Ng4 31. h3 Nf6 32. Nd4 Ne4 33. R3c2 Kf7 34. Nb5 Bg3 35. Bb4 Rd7 36. Nc7 Rb8 37. Nxd5 Rxd5 38. a3 Rbd8 39. Be2 Bf2+ 40. Kf1 Bxe3 41. Rc7+ Kf6 42. Be7+ Ke5 43. Bxd8 Bxc1 44. Bh4 Be3 45. Rxh7 Rd2 46. Be1 Ra2 47. Re7 Ra1 0-1

[Event "Deltalift op"]
[Site "Tylosand"]
[Date "2016.05.07"]
[Round "8"]
[White "Ivarsson, Torbjorn"]
[Black "Svorono, Gabriel"]
[Result "1/2-1/2"]
[WhiteElo "2185"]
[BlackElo "2038"]
[PlyCount "133"]
[EventDate "2016.05.05"]
[EventType "swiss"]
[EventRounds "8"]
[EventCountry "SWE"]
[SourceTitle "CBM 172 Extra"]
[Source "ChessBase"]
[SourceDate "2016.06.21"]
[SourceVersion "1"]
[SourceVersionDate "2016.06.21"]
[SourceQuality "1"]

1. e4 e6 2. d4 d5 3. Nd2 Nf6 4. e5 Nfd7 5. Bd3 c5 6. c3 Nc6 7. Ne2 cxd4 8. cxd4 f6 9. Nf4 fxe5 10. Nxe6 Qb6 11. Qh5+ Ke7 12. Ng5 Qxd4 13. Bf5 g6 14. Bxg6 Nf6 15. Qe2 hxg6 16. 0-0 Bg4 17. Ngf3 Qb6 18. h3 Bxf3 19. Nxf3 e4 20. Ng5 Kd7 21. Bf4 Re8 22. Rfd1 Kc8 23. Rxd5 Rh4 24. Be3 Qc7 25. Rb5 a6 26. Rb3 Nd5 27. g3 Rh8 28. Rc1 Nxe3 29. Qxe3 Bh6 30. Kg2 Rhf8 31. Qe2 e3 32. Rxe3 Rxe3 33. Qxe3 Bxg5 34. Qxg5 Qf7 35. Rc2 Qf5 36. Qxf5+ Rxf5 37. g4 Ra5 38. a3 Kd7 39. Kg3 Nd4 40. Rc4 Rd5 41. Kf4 Kd6 42. h4 Ne6+ 43. Ke3 Re5+ 44. Re4 Kd5 45. Rxe5+ Kxe5 46. h5 g5 47. f3 b5 48. Kf2 Kf4 49. h6 Nf8 50. Ke2 Nh7 51. Kf2 Ke5 52. Ke3 Nf6 53. Kd3 Kf4 54. Ke2 a5 55. Kf2 Ke5 56. Ke3 Nd5+ 57. Kd3 Nf4+ 58. Ke3 Kd5 59. h7 Ng6 60. Kd3 Ke5 61. Ke3 Kd5 62. Kd3 a4 63. Kc3 Kc5 64. Kd3 Kd5 65. Kc3 Kc5 66. Kd3 Kd5 67. Kc3 1/2-1/2

[Event "Lund op"]
[Site "Lund"]
[Date "2016.03.29"]
[Round "6"]
[White "Ivarsson, Torbjorn"]
[Black "Ahlander, Bjorn"]
[Result "1/2-1/2"]
[WhiteElo "2163"]
[BlackElo "2416"]
[PlyCount "101"]
[EventDate "2016.02.09"]
[EventType "swiss"]
[EventRounds "7"]
[EventCountry "SWE"]
[SourceTitle "EXT 2019"]
[Source "ChessBase"]
[SourceDate "2018.10.10"]
[SourceVersion "1"]
[SourceVersionDate "2018.10.10"]
[SourceQuality "1"]

1. e4 e5 2. Nf3 Nc6 3. d4 exd4 4. Nxd4 Bc5 5. Be3 Qf6 6. c3 Nge7 7. Bc4 0-0 8. Nxc6 Qxc6 9. Bd5 Nxd5 10. exd5 Qb6 11. Bxc5 Qxc5 12. 0-0 b6 13. Na3 Bb7 14. c4 Rfe8 15. Qd2 c6 16. Rad1 a5 17. dxc6 Bxc6 18. Rfe1 h6 19. Re2 Kf8 20. Rde1 Re6 21. Rxe6 fxe6 22. Qd3 Qg5 23. f3 Qc5+ 24. Qe3 Qb4 25. Rb1 Ke7 26. Qd4 Qc5 27. Nc2 Rc8 28. Kf1 Kf7 29. Re1 Qxd4 30. Nxd4 Bb7 31. b3 g5 32. Kf2 Kf6 33. Rd1 d5 34. cxd5 Bxd5 35. Ke3 Rc5 36. Kd3 b5 37. Rd2 e5 38. Rc2 Rxc2 39. Nxc2 h5 40. Ne3 Bc6 41. a3 Ke6 42. Nd1 h4 43. Nf2 Kf5 44. Ke3 Bd5 45. b4 axb4 46. axb4 Bc4 47. g4+ hxg3 48. hxg3 Bd5 49. g4+ Kf6 50. Ne4+ Bxe4 51. fxe4 1/2-1/2

[Event "Lund op"]
[Site "Lund"]
[Date "2016.03.22"]
[Round "5"]
[White "Ivarsson, Torbjorn"]
[Black "Semcesen, Daniel"]
[Result "0-1"]
[WhiteElo "2163"]
[BlackElo "2440"]
[PlyCount "58"]
[EventDate "2016.02.09"]
[EventType "swiss"]
[EventRounds "7"]
[EventCountry "SWE"]
[SourceTitle "EXT 2019"]
[Source "ChessBase"]
[SourceDate "2018.10.10"]
[SourceVersion "1"]
[SourceVersionDate "2018.10.10"]
[SourceQuality "1"]

1. e4 d6 2. d4 Nf6 3. Nc3 Nbd7 4. g3 e5 5. Nge2 Be7 6. Bg2 0-0 7. h3 c6 8. Be3 b5 9. 0-0 Bb7 10. f4 Re8 11. fxe5 dxe5 12. d5 Bc5 13. Bxc5 Nxc5 14. b4 Ncd7 15. Qd3 a6 16. Rad1 Rc8 17. Kh2 cxd5 18. exd5 Rc4 19. a3 Nb6 20. Ne4 Nxe4 21. Bxe4 g6 22. g4 Nc8 23. Qe3 Nd6 24. Bd3 Rc7 25. Ng3 e4 26. Be2 Rxc2 27. Rf2 Qe7 28. Kg2 Qe5 29. h4 Rc3 0-1

[Event "Malmo op"]
[Site "Malmo"]
[Date "2015.12.19"]
[Round "5"]
[White "Ivarsson, Torbjorn"]
[Black "Lindgren, Philip"]
[Result "1/2-1/2"]
[WhiteElo "2142"]
[BlackElo "2418"]
[PlyCount "170"]
[EventDate "2015.12.18"]
[EventType "swiss"]
[EventRounds "7"]
[EventCountry "SWE"]
[SourceTitle "EXT 2017"]
[Source "ChessBase"]
[SourceDate "2016.10.25"]
[SourceVersion "1"]
[SourceVersionDate "2016.10.25"]
[SourceQuality "1"]

1. d4 d5 2. Bf4 Nf6 3. e3 c5 4. c3 Nc6 5. Bd3 Qb6 6. Qb3 c4 7. Qxb6 axb6 8. Bc2 b5 9. b4 Nh5 10. Bc7 Kd7 11. Bg3 Nxg3 12. hxg3 h6 13. f4 e6 14. Nf3 Be7 15. Ke2 Kc7 16. a3 Bd7 17. Ra2 g5 18. Bd1 f6 19. Rd2 Rag8 20. Kf2 Bd6 21. Bc2 Ne7 22. Rdd1 h5 23. Rde1 h4 24. gxh4 gxf4 25. e4 dxe4 26. Bxe4 f5 27. Bc2 Nd5 28. Bd1 Ne3 29. Reg1 Be7 30. Nbd2 Bc6 31. Be2 Nd5 32. Nb1 Rg4 33. h5 Nf6 34. Ne5 Ne4+ 35. Ke1 Bh4+ 36. Rxh4 Rxh4 37. Ng6 R8xh5 38. Bxh5 Rxh5 39. Nxf4 Rh6 40. Ne2 Rh2 41. Nf4 Kd6 42. Ng6 Ng5 43. Kf2 Nh3+ 44. Kg3 Nxg1 45. Kxh2 Ne2 46. Ne5 Be4 47. Nd2 Nxc3 48. a4 Nxa4 49. g4 c3 50. Nb3 fxg4 51. Nxg4 Nb2 52. Ne3 b6 53. Nc1 Nd3 54. Ne2 Nxb4 55. Nxc3 Bd3 56. Kg3 Nd5 57. Nexd5 exd5 58. Na2 Bc4 59. Nb4 Ke6 60. Kf4 Kf6 61. Kg4 Kg6 62. Nc6 Kf6 63. Nb4 Ke6 64. Kg5 Be2 65. Nc6 Bf3 66. Nb4 Be4 67. Nc6 Bb1 68. Nb4 Bh7 69. Nc6 b4 70. Nxb4 b5 71. Kf4 Be4 72. Ke3 Bg2 73. Kf4 Bf1 74. Ke3 Kd6 75. Kd2 Bc4 76. Ke3 Kc7 77. Kd2 Kb6 78. Kc3 Ka5 79. Nc6+ Ka4 80. Nb4 Ka3 81. Nc2+ Ka2 82. Nb4+ Ka3 83. Nc2+ Ka4 84. Nb4 Ka3 85. Nc2+ Ka4 1/2-1/2

[Event "Politiken Cup 37th"]
[Site "Helsingor"]
[Date "2015.08.02"]
[Round "10"]
[White "Ivarsson, Torbjorn"]
[Black "Haugli, Petter"]
[Result "1/2-1/2"]
[WhiteElo "2100"]
[BlackElo "2247"]
[PlyCount "68"]
[EventDate "2015.07.25"]
[EventType "swiss"]
[EventRounds "10"]
[EventCountry "DEN"]
[SourceTitle "CBM 167 Extra"]
[Source "ChessBase"]
[SourceDate "2015.09.14"]
[SourceVersion "1"]
[SourceVersionDate "2015.09.14"]
[SourceQuality "1"]

1. e4 c5 2. Nf3 e6 3. g3 Nc6 4. Bg2 Nf6 5. Nc3 a6 6. 0-0 d6 7. d4 cxd4 8. Nxd4 Qc7 9. Nxc6 bxc6 10. Re1 e5 11. b3 Be7 12. Bb2 h5 13. Qd3 h4 14. Nd1 hxg3 15. hxg3 Ng4 16. Ne3 Nxe3 17. Qxe3 Bg4 18. f3 Be6 19. c4 f6 20. Rac1 c5 21. Kf2 Kf7 22. Rh1 a5 23. Rxh8 Rxh8 24. a4 Qb6 25. Rc3 g6 26. Bc1 f5 27. Bd2 Bf8 28. Qe1 Bh6 29. Rd3 Bxd2 30. Qxd2 Ke7 31. Qg5+ Kf7 32. Qd2 Ke7 33. Qg5+ Kf7 34. Qd2 Ke7 1/2-1/2

[Event "Politiken Cup 37th"]
[Site "Helsingor"]
[Date "2015.08.01"]
[Round "9"]
[White "Christiansen, Johan Sebastian"]
[Black "Ivarsson, Torbjorn"]
[Result "1-0"]
[WhiteElo "2409"]
[BlackElo "2100"]
[PlyCount "79"]
[EventDate "2015.07.25"]
[EventType "swiss"]
[EventRounds "10"]
[EventCountry "DEN"]
[SourceTitle "CBM 167 Extra"]
[Source "ChessBase"]
[SourceDate "2015.09.14"]
[SourceVersion "1"]
[SourceVersionDate "2015.09.14"]
[SourceQuality "1"]

1. c4 b6 2. Nc3 Bb7 3. d4 e6 4. e4 d6 5. Bd3 Nd7 6. Nge2 Ngf6 7. 0-0 Be7 8. Ng3 c5 9. d5 h5 10. f3 h4 11. Nh1 e5 12. Nf2 Nh5 13. Ng4 Ndf6 14. a3 a6 15. b4 Bc8 16. Rb1 Bd7 17. Bc2 Rc8 18. bxc5 bxc5 19. Na4 Rb8 20. Rxb8 Qxb8 21. Bd2 Nf4 22. Nf2 N6h5 23. Be3 Bd8 24. Qd2 Ba5 25. Qd1 Ng3 26. Bxf4 exf4 27. hxg3 hxg3 28. Qc1 g5 29. Qa1 Ke7 30. Qg7 Rg8 31. Qh6 gxf2+ 32. Rxf2 Bxa4 33. Bxa4 Bc3 34. e5 Qb1+ 35. Rf1 Bd4+ 36. Kh2 Qg6 37. exd6+ Kxd6 38. Qxg6+ Rxg6 39. g4 fxg3+ 40. Kxg3 1-0

[Event "Politiken Cup 37th"]
[Site "Helsingor"]
[Date "2015.07.28"]
[Round "5"]
[White "Quinn, David"]
[Black "Ivarsson, Torbjorn"]
[Result "0-1"]
[WhiteElo "1947"]
[BlackElo "2100"]
[PlyCount "84"]
[EventDate "2015.07.25"]
[EventType "swiss"]
[EventRounds "10"]
[EventCountry "DEN"]
[SourceTitle "CBM 167 Extra"]
[Source "ChessBase"]
[SourceDate "2015.09.14"]
[SourceVersion "1"]
[SourceVersionDate "2015.09.14"]
[SourceQuality "1"]

1. d4 Nf6 2. c4 e6 3. Nf3 b6 4. Bf4 Bb7 5. e3 d6 6. Nc3 Nh5 7. Bg5 Be7 8. Bxe7 Qxe7 9. d5 e5 10. e4 0-0 11. g3 Nd7 12. Bg2 Bc8 13. 0-0 g6 14. Ne1 a6 15. b4 a5 16. a3 Ba6 17. Nb5 Bxb5 18. cxb5 axb4 19. axb4 Rxa1 20. Qxa1 f5 21. Qc1 Ndf6 22. exf5 gxf5 23. Qg5+ Ng7 24. Nd3 e4 25. Nb2 Nxd5 26. Qd2 Nf6 27. Rc1 Kh8 28. Nc4 Ng4 29. Qc3 Qf6 30. Qxf6 Nxf6 31. Ne3 Nfe8 32. f3 exf3 33. Bxf3 f4 34. gxf4 Rxf4 35. Bc6 Nf6 36. Ra1 Ne6 37. Re1 Nd4 38. Ng2 Nf3+ 39. Bxf3 Rxf3 40. Re7 Nd5 41. Re8+ Kg7 42. Nh4 Rf4 0-1